CAD/CAM robotics and factories of the future

Αποθηκεύτηκε σε:
Λεπτομέρειες βιβλιογραφικής εγγραφής
Άλλοι συγγραφείς: Prasad, Birendra (Επιμελητής έκδοσης)
Μορφή: Βιβλίο
Γλώσσα:English
Δημοσίευση: New York, London : Springer Verlag, 1989
Θέματα:
Ετικέτες: Προσθήκη ετικέτας
Δεν υπάρχουν, Καταχωρήστε ετικέτα πρώτοι!

MARC

LEADER 00000nam a2200000 i 4500
001 1/23919
008 960715s1989 eng d
020 |a 3-540-51134-2 
035 |l 10022179 
040 |a GR-MY-UA  |b gre  |e aacr 
041 0 |a eng 
082 0 |a 670.285 
245 1 0 |a CAD/CAM robotics and factories of the future /  |c Edited by:Birendra Prasad 
260 |a New York, London :   |b Springer Verlag,   |c 1989 
300 |a 402 p. 
500 |a Vol.III:Robotics and plant automation,Vol.II:Automation of design,analysis and manufacturing,Vol.I:Integration of design analysis and manufacturing 
650 0 0 |a CAD/CAM systems  |x Congresses. 
650 0 0 |a Robots, Industrial  |x Congresses. 
650 0 0 |a Automation  |x Congresses. 
700 1 |a Prasad, Birendra.  |4 edt 
852 |a INST  |b CHIOS  |e 19960715  |h 670.285 CAD  |p 005200002005  |q 005200002005  |t BK  |y 0  |z v.I 
852 |a INST  |b CHIOS  |e 19960715  |h 670.285 CAD  |p 005200002006  |q 005200002006  |t BK  |y 0  |z v.II 
852 |a INST  |b CHIOS  |e 19960715  |h 670.285 CAD  |p 005200002007  |q 005200002007  |t BK  |y 0  |z v.III 
852 |a INST  |b CHIOS  |e 19960715  |h 670.285 CAD  |p 005200002005  |q 005200002005  |t BK  |v v.I:  |y 0  |z v.I 
852 |a INST  |b CHIOS  |e 19960715  |h 670.285 CAD  |p 005200002006  |q 005200002006  |t BK  |v v.II:  |y 0  |z v.II 
852 |a INST  |b CHIOS  |e 19960715  |h 670.285 CAD  |p 005200002007  |q 005200002007  |t BK  |v v.III:  |y 0  |z v.III 
853 |a INST  |b CHIOS  |h 670.285 CAD 
909 |a Χ  |b 026650 
909 |a Χ  |b 026648 
909 |a Χ  |b 026649